000 01884nam a22002537a 4500
999 _c57346
_d57346
003 Ge_BSU
005 20200527142820.0
008 200527s2018 ge ||||| |||| 00| 0 geo d
020 _a9789941960789
041 _ageo
080 _a343.13 ს-14
245 _aსაგამოძიებო სამართალი :
_b[სახელმძღვანელო]. ნაწ. 2 /
_cჯემალ გახოკიძე, ირაკლი გაბისონია, მიხეილ მამნიაშვილი, პოლიკარპე (თემურ) მონიავა ; რედაქტორი ჯემალი გაბელია.
264 _aთბილისი :
_bიურისტების სამყარო,
_c2018.
300 _a306 გვ. ;
_b20 სმ.
500 _aწიგნი მეორე შეიქმნა საქართველოს ტექნიკური უნივერსიტეტის სამართლისა და საერთაშორისო ურთიერთობების ფაკულტეტის სამეცნიერო-კვლევითი პროექტის "საგამოძიებო სამართლის" ფარგლებში.
504 _aბიბლიოგრაფია: გვ. 301-305.
520 _aრეზიუმე ინგლისურ ენაზე.
653 _aსაგამოძიებო საქმე
653 _aსამართალი
700 _aგაბისონია, ირაკლი
_eავტორი
_97024
700 _aმამნიაშვილი, მიხეილ
_eავტორი
_98217
700 _aმონიავა, პოლიკარპე (თემურ)
_eავტორი
_98218
942 _2udc
_cBK